000 00501cam a2200193 4500
001 B1968
008 090401t1983 xxu||||| |||| 00| 0 eng d
035 _a(Sirsi) u47377
041 _aeng
050 _a333.337
110 _aWeatherall Green and Smith
_92055
245 _aHolborn office report. - Autumn 1981 - Autumn 1983
260 _aLondon
_bWeatherall Green and Smith
_c1981-1983
300 _a3v. : ill. ; 30cm.
350 _a0
650 _aOFFICES
942 _n0
948 _c04/03/1997
999 _c92111
_d92111